000 01483nam a22001937a 4500
003 OSt
005 20251008153034.0
008 251008b |||||||| |||| 00| 0 eng d
020 _a9789360611361
040 _ckul
082 _a305.48 FAI
084 _2Colon Classification
100 _aFaisal Zamal
_92770
245 _aIslam Gender and Social Change
260 _aNew Delhi,
_bPinakin Publishing,
_c2025.
300 _a262p.
520 _a“Islam, Gender, and Social Change” examines the complex interplay between Islamic teachings, gender roles, and the evolving social dynamics within Muslim societies. This book offers an insightful exploration of how Islamic principles have historically shaped gender relations and how contemporary movements are challenging and redefining these roles. This book navigates through various interpretations of gender within Islamic theology, discussing the diverse perspectives that exist among scholars and communities. The book also addresses the impact of modernity, globalization, and social activism on gender issues in the Muslim world, highlighting both the struggles and progress made in areas such as women’s rights, education, and political participation. With a balanced and thoughtful approach, “Islam, Gender, and Social Change” provides readers with a deeper understanding of the ongoing discourse on gender within the context of Islam and its implications for broader societal transformations.
942 _2ddc
_cBK
999 _c752134
_d752134